000 004890000a22001690004500
003 MACL
005 20160316134017.0
008 160316b xxu||||| |||| 00| 0 eng d
040 _aMACL
_cMACL
041 _aHindi
082 _a891.433
100 _aतोलस्‍तोय लेव
_9344
245 _aपुनरूत्‍थान
260 _bप्रगति प्रकाशन
_c1977
_aमास्‍को
650 _aNovel
_946560
942 _cHIN
_k891.433
_2ddc
999 _c28531
_d28531